00758nam a2200205 a 450000100100000000500170001000800410002702000150006804000250008308200150010810000340012324500850015726000410024230000350028350000220031850000640034004900150040495201180041999900150053700000370020200929150533.0090713s2005 cu ac 000 0 spa d a9591009585 aDO-SdBNPbspacBNPHU axxxbS251g1 aSarusky, Jaime,d1937-91130410aGrupo de experimentación sonora del ICAIC :bmito y realidad /cJaime Sarusky. aLa Habana, :bLetras cubanas,c2005. a94 p. :bil., retrs. ;c20 cm. aIncluye índice. aIncluye datos biográficos del autor en la contracubierta. aEn proceso 001052708MOaGRbGRcCTd2009-07-13iLF1l0oxxx S251gp3700-10r2020-06-25w2020-06-25y2ZPréstamo interno c3522d3522